| 000 | 004450000a22001810004500 | ||
|---|---|---|---|
| 003 | MACL | ||
| 005 | 20150726153929.0 | ||
| 008 | 150726b xxu||||| |||| 00| 0 eng d | ||
| 040 |
_aMACL _cMACL |
||
| 041 | _aEnglish | ||
| 082 | _a330/RAO | ||
| 100 |
_aRao, V K R V _92652 |
||
| 245 |
_aIndian Economy: Emerging Challenges _bVolume-1 |
||
| 260 |
_bPrintwell _c1992 _aJaipur |
||
| 350 | _a325 | ||
| 650 |
_aEconomics _92653 |
||
| 942 |
_cBK _k330 _2ddc |
||
| 999 |
_c4031 _d4031 |
||